000 00648nam a2200241Ia 4500
003 OSt
005 20220918203053.0
006 a|||||r|||| 00| 0
007 ta
008 220917b |||||||| |||| 00| 0 eng d
024 _a105,809
037 _cTextual
040 _aARTS
_cARTS
_beng
041 _2eng
_aeng
082 _aV3:23:N5, K5
100 _aBealey Frank
_9106637
245 0 _aConstituency politics
_b a study of Newcastle-under-Lyme
260 _c1965
490 _aSociety today and tomorrow ed by A H Halsey
650 _aHISTORY
942 _hV3:23:N5, K5
_cTEXL
_2CC
999 _c229168
_d229168